Top 10 Largest Navies in the World - Statistics

General Stats
  • This quiz has been taken 69 times
  • The average score is 7 of 10
Answer Stats
Total Warships Answer % Correct
730 China
100%
472 United States
98%
781 Russia
97%
294 India
95%
333 Indonesia
76%
505 North Korea
63%
309 Italy
61%
293 Thailand
59%
353 Sweden
44%
270 Sri Lanka
10%
No matching quizzes found
Score Distribution
Percent of People with Each Score
Percentile by Number Answered
Your Score History
You have not taken this quiz